000 00638npc a2200205Ia 4500
001 dp4/6-1327 [d000001289]
003 IT-MiCISF
008 161014s9999||||xx | und||
040 _aIT-MiCISF
_cIT-MiCISF
041 _ait
100 _aAA.VV.
245 0 _aComunità e famiglia per la riconsegna del Vangelo della carità
_bPiano pastorale dioesano 1991-95
250 _a1a ed.
260 _aJesi (AN)
_bDiocesi di Jesi (AN)
_c1992
300 _app. 22
500 _aVescovo di Jesi / pastorale-familiare, operatori-pastorali, catechesi /
650 _apastorale-familiare
942 _cDD
957 _71
999 _a1327
_bsi
_g1
_c206756
_d206756